000 00624nam a2200229Ia 4500
003 OSt
005 20220918200206.0
006 a|||||r|||| 00| 0
007 ta
008 220917b |||||||| |||| 00| 0 eng d
024 _a87,829
037 _cTextual
040 _aARTS
_cARTS
_beng
041 _2eng
_aeng
082 _aU:151:N, J2
100 _aNewbign M I
_993102
245 0 _aSouthern Europe
_b regional and economic geography of he Mediterralands ed by R J Harrison Church
260 _c1952
650 _aGEOGRAPHY
942 _hU:151:N, J2
_cTEXL
_2CC
999 _c211519
_d211519